Open Data Biblioteca Nacional de Portugal


República Portuguesa: Ministério da Cultura
Biblioteca Nacional de Portugal

Catálogo da BNP: acesso por Identificadores Unívocos
Registos Bibliográficos associados ao registo de autoridade

Etiqueta de registo: 00254nam 2200025 450
001 2289587
003 http://id.bnportugal.gov.pt/bib/catbnp/2289587
100 ## $a20260703d2026 m y0pory01030103ba
101 0# $aeng$dpor
102 ## $aPT
105 ## $aa m 000yy
106 ## $ar
200 1# $aProcessamento digital de sinal avançado para mitigação de ruído de fase linear e não linear em sistemas cioerentes de fibra ótica$dAdvanced digital signal processing for linear and nonlinear phase noise mitigation in coherent optical fiber systems$fManuel dos Santos Neves$gorient. Fdernando Pedro Pereira Guiomar, Paulo Miguel Napomoceno Pereira Monteiro, Abel Lorences-Riesgo $zeng
210 #9 $aAveiro$c[s.n.],$d2026
215 ## $a303 p.$cil.$d30 cm
328 #1 $aTese doutoramento Informação e Comunicação em Plataformas Digitais, Universidade de Aveiro, 2026
510 1# $a An infocommunication model for social and emotional education of high school students$e a multicase study in Aveiro and Barcelona$zeng
700 #1 $aCabral,$bRaquel Magalhães $32002657
702 #1 $aMealha,$bÓscar,$f1964-$4727$3200512
702 #1 $aCarlos,$bVânia Neves Marques$4727$31245038
801 #0 $aPT$bBN$gRPC
971 ## $cjbeatriz$d20260703

Etiqueta de registo: 00254nam 2200025 450
001 2289582
003 http://id.bnportugal.gov.pt/bib/catbnp/2289582
100 ## $a20260703d2026 m y0pory01030103ba
101 0# $aeng$dpor
102 ## $aPT
105 ## $aa m 000yy
106 ## $ar
200 1# $aModelo infocomunicacional para a educação social e emocional de alunos do ensino secundário$eestudo multicaso em Aveiro e Barcelona$d An infocommunication model for social and emotional education of high school students$e a multicase study in Aveiro and Barcelona$fRaquel Magalhães Cabral$gorient. Óscar Emanuel Chaves Mealha, Vânia Neves Marques Carlos $zeng
210 #9 $aAveiro$c[s.n.],$d2026
215 ## $a303 p.$cil.$d30 cm
328 #1 $aTese doutoramento Informação e Comunicação em Plataformas Digitais, Universidade de Aveiro, 2026
510 1# $a An infocommunication model for social and emotional education of high school students$e a multicase study in Aveiro and Barcelona$zeng
700 #1 $aCabral,$bRaquel Magalhães $32002657
702 #1 $aMealha,$bÓscar,$f1964-$4727$3200512
702 #1 $aCarlos,$bVânia Neves Marques$4727$31245038
801 #0 $aPT$bBN$gRPC
966 ## $lBN$mFGMON$x1
971 ## $cjbeatriz$d20260703

OpendataBNP@bnportugal.pt | Mais informação sobre acesso aos dados BNP